000 00372nam a2200157Ia 4500
003 OSt
005 20240513153107.0
008 170524s9999 xx 000 0 und d
020 _a 978-1558602199
040 _ciimtu
100 _aO Neil - Patrick
245 0 _aDatabase: Principles- Programming & Performance
260 _bElsevier
260 _c2010
942 _2ddc
_c02
999 _c5889
_d5889